60 Villes de France - Carte Quiz - Statistiques

Statistiques générales
  • Ce quiz a été pris 171 fois
  • Le résultat moyen est 38 sur 60
Réponses sur la Carte
Les réponses sont colorées sur une échelle allant du rouge au vert en fonction du pourcentage des utilisateurs qui les ont devinées à leur premier essai. Vous pouvez retrouver ces pourcentages ci-dessous.
 
Statistiques - réponses
Réponse % Correct
Bordeaux
85%
Strasbourg
83%
Lyon
78%
Ajaccio
77%
Lille
77%
Toulouse
77%
Marseille
75%
Paris
74%
Nice
73%
Brest
72%
Montpellier
72%
Nantes
72%
La Rochelle
71%
Dijon
70%
Pau
70%
Le Havre
68%
Rennes
68%
Saint-Étienne
68%
Aix-en-Provence
66%
Annecy
66%
Clermont-Ferrand
66%
Reims
66%
Angers
64%
Nancy
64%
Orléans
64%
Perpignan
64%
Poitiers
64%
Toulon
64%
Mulhouse
63%
Caen
62%
Colmar
62%
Rouen
62%
Calais
61%
Grenoble
61%
Limoges
61%
Amiens
60%
Avignon
60%
Chambéry
60%
Cherbourg-en-Cotentin
60%
Quimper
60%
Montauban
59%
Narbonne
59%
Tours
59%
Metz
58%
Cannes
57%
Dunkerque
55%
Fréjus
55%
Le Mans
55%
Nîmes
55%
Saint-Nazaire
55%
Besançon
54%
Lorient
54%
Bourges
53%
Évry-Courcouronnes
51%
Niort
49%
Béziers
48%
Cergy
48%
Troyes
48%
Meaux
43%
Champigny-sur-Marne
39%
Aucun quiz correspondant
Distribution des résultats
% des personnes avec chaque résultat
Percentile par nombre de réponses
Votre historique - résultats
Vous n’avez pas pris ce quiz